Poesie / (Record no. 183429)

MARC details
000 -LEADER
campo de control de longitud fija 00619nam a22001931i 4500
001 - NÚMERO DE CONTROL
campo de control 183429
003 - IDENTIFICADOR DE NÚMERO DE CONTROL
campo de control ES-MaACL
005 - FECHA Y HORA DE LA ÚLTIMA TRANSACCIÓN
campo de control 20260112153654.0
008 - DATOS DE LONGITUD FIJA--INFORMACIÓN GENERAL
campo de control de longitud fija 140416s1915 it |||| | ita d
100 1# - ENTRADA PRINCIPAL--NOMBRE DE PERSONA
Nombre de persona Campanella, Tommaso (
Fechas asociadas al nombre 1568-1639)
9 (RLIN) 34117
245 10 - MENCIÓN DEL TÍTULO
Título Poesie /
Mención de responsabilidad, etc. Tommaso Campanella ; a cura di Giovanni Gentile.
260 ## - PUBLICACIÓN, DISTRIBUCIÓN, ETC.
Lugar de publicación, distribución, etc. Bari :
Nombre del editor, distribuidor, etc. Gius. Laterza & Figli,
Fecha de publicación, distribución, etc. 1915.
300 ## - DESCRIPCIÓN FÍSICA
Extensión 319 p. ;
Dimensiones 21 cm.
490 1# - MENCIÓN DE SERIE
Mención de serie Scrittori d'Italia ;
Designación de volumen o secuencia 70
700 1# - ENTRADA AGREGADA--NOMBRE PERSONAL
Nombre de persona Gentile, Giovanni,
Fechas asociadas al nombre 1875-1944
9 (RLIN) 56357
830 00 - PUNTO DE ACCESO ADICIONAL DE SERIE-TÍTULO UNIFORME
Título uniforme Scrittori d'Italia
Designación de volumen o secuencia 70
9 (RLIN) 191925
852 ## - LOCALIZACIÓN
Ubicación ES-MaACL
Número de control de estantería G-3771
Holdings
Estatus retirado Estado de pérdida Estado de daño No para préstamo Biblioteca de origen Biblioteca actual Ubicación en estantería Fecha de adquisición Fuente de adquisición Total de préstamos Signatura topográfica completa Código de barras Visto por última vez Precio de reemplazo Tipo de ítem Koha
        Biblioteca del Ateneo de Madrid Biblioteca del Ateneo de Madrid Depósito 2 16/04/2014     G-3771 1192798 23/02/2023 23/02/2023 Libro impreso